[Event "Portugal Open 2020"]
[Site "Lisboa POR"]
[Date "2020.01.30"]
[Round "7.26"]
[White "VEIGA, Francisco"]
[Black "FERNANDES, Alberto"]
[Result "1-0"]
[BlackElo "2092"]
[WhiteElo "2312"]
[LiveChessVersion "1.4.8"]

1. e4 {[%clk 1:27:43]} e5 {[%clk 1:20:14]} 2. Nf3 {[%clk 1:27:59]} Nc6
{[%clk 1:20:36]} 3. Bb5 {[%clk 1:28:24]} a6 {[%clk 1:20:58]} 4. Ba4
{[%clk 1:28:51]} Nf6 {[%clk 1:21:21]} 5. O-O {[%clk 1:29:14]} Be7
{[%clk 1:21:45]} 6. d3 {[%clk 1:29:39]} d6 {[%clk 1:21:58]} 7. c3
{[%clk 1:29:57]} b5 {[%clk 1:21:21]} 8. Bc2 {[%clk 1:30:07]} O-O {[%clk 1:21:41]}
9. Re1 {[%clk 1:30:06]} Re8 {[%clk 1:18:52]} 10. Nbd2 {[%clk 1:30:22]} Bf8
{[%clk 1:17:07]} 11. Nf1 {[%clk 1:30:33]} d5 {[%clk 1:16:54]} 12. exd5
{[%clk 1:29:05]} Nxd5 {[%clk 1:17:10]} 13. d4 {[%clk 1:24:23]} exd4
{[%clk 1:15:34]} 14. Rxe8 {[%clk 1:17:31]} Qxe8 {[%clk 1:15:52]} 15. cxd4
{[%clk 1:16:45]} g6 {[%clk 1:13:08]} 16. Bb3 {[%clk 1:16:00]} Nce7
{[%clk 1:02:43]} 17. Bg5 {[%clk 1:10:29]} Be6 {[%clk 1:01:54]} 18. Rc1
{[%clk 1:09:53]} Bg7 {[%clk 1:01:55]} 19. Qd2 {[%clk 1:02:45]} Rc8
{[%clk 0:43:35]} 20. Ng3 {[%clk 1:02:24]} Nf5 {[%clk 0:33:39]} 21. Nxf5
{[%clk 1:00:24]} gxf5 {[%clk 0:33:49]} 22. Rc5 {[%clk 0:57:54]} c6
{[%clk 0:33:53]} 23. Bh6 {[%clk 0:57:43]} f4 {[%clk 0:32:52]} 24. Bxg7
{[%clk 0:57:20]} Kxg7 {[%clk 0:33:13]} 25. Bxd5 {[%clk 0:57:11]} Bxd5
{[%clk 0:33:25]} 26. Qxf4 {[%clk 0:57:28]} f6 {[%clk 0:33:01]} 27. h3
{[%clk 0:56:47]} Bxa2 {[%clk 0:28:34]} 28. Rf5 {[%clk 0:53:09]} Qe6
{[%clk 0:27:33]} 29. Rh5 {[%clk 0:52:59]} Bb1 {[%clk 0:21:04]} 30. Qh6+
{[%clk 0:49:57]} Kh8 {[%clk 0:21:08]} 31. Re5 {[%clk 0:49:10]} Qf7
{[%clk 0:20:42]} 32. Re1 {[%clk 0:49:26]} Qg6 {[%clk 0:19:36]} 33. Qf4
{[%clk 0:48:36]} Qf5 {[%clk 0:19:07]} 34. Qd6 {[%clk 0:48:28]} Ba2
{[%clk 0:14:40]} 35. Nh4 {[%clk 0:48:21]} Qg5 {[%clk 0:15:01]} 36. Re4
{[%clk 0:48:28]} h5 {[%clk 0:14:26]} 37. Rf4 {[%clk 0:43:21]} Rg8
{[%clk 0:10:09]} 38. g3 {[%clk 0:43:36]} Bd5 {[%clk 0:05:41]} 39. Kh2
{[%clk 0:43:59]} a5 {[%clk 0:04:36]} 40. Rxf6 {[%clk 0:43:51]} Kh7
{[%clk 0:04:05]} 41. Nf5 {[%clk 0:42:38]} Rg6 {[%clk 0:03:36]} 42. Qe7+
{[%clk 0:42:16]} Kh8 {[%clk 0:03:31]} 43. Rf8+ {[%clk 0:42:30]} Bg8
{[%clk 0:03:39]} 44. Qe5+ {[%clk 0:42:52]} Kh7 {[%clk 0:03:38]} 45. f4
{[%clk 0:42:17]} 1-0

[Event "Portugal Open 2020"]
[Site "Lisboa POR"]
[Date "2020.01.30"]
[Round "7.27"]
[White "RISTING, Eivind Olav"]
[Black "XU, Yang"]
[Result "1/2-1/2"]
[BlackElo "2047"]
[WhiteElo "2306"]
[LiveChessVersion "1.4.8"]

1. d4 {[%clk 1:30:56]} d5 {[%clk 1:30:29]} 2. Bf4 {[%clk 1:31:09]} e6
{[%clk 1:30:42]} 3. e3 {[%clk 1:31:22]} c6 {[%clk 1:30:04]} 4. Nf3
{[%clk 1:30:39]} f5 {[%clk 1:30:27]} 5. c4 {[%clk 1:29:32]} Nf6 {[%clk 1:30:35]}
6. Nc3 {[%clk 1:29:05]} Be7 {[%clk 1:30:23]} 7. Bd3 {[%clk 1:28:23]} O-O
{[%clk 1:29:38]} 8. Qc2 {[%clk 1:27:06]} Bd7 {[%clk 1:21:56]} 9. h3
{[%clk 1:25:29]} Na6 {[%clk 1:09:15]} 10. a3 {[%clk 1:25:31]} Ne4
{[%clk 1:02:04]} 11. g4 {[%clk 0:56:50]} Kh8 {[%clk 0:33:18]} 12. gxf5
{[%clk 0:54:37]} exf5 {[%clk 0:33:26]} 13. cxd5 {[%clk 0:48:10]} cxd5
{[%clk 0:31:30]} 14. h4 {[%clk 0:43:04]} Qa5 {[%clk 0:27:00]} 15. Bxe4
{[%clk 0:24:50]} fxe4 {[%clk 0:17:09]} 16. Ne5 {[%clk 0:25:06]} Bf5
{[%clk 0:09:51]} 17. Qb3 {[%clk 0:24:11]} Bb4 {[%clk 0:08:48]} 18. Kd2
{[%clk 0:22:08]} Bxc3+ {[%clk 0:09:09]} 19. Qxc3 {[%clk 0:20:18]} Qb6
{[%clk 0:06:11]} 20. b4 {[%clk 0:19:48]} Rac8 {[%clk 0:04:40]} 21. Qb3
{[%clk 0:20:14]} Qe6 {[%clk 0:05:02]} 22. Rac1 {[%clk 0:19:34]} Nb8
{[%clk 0:03:23]} 23. Rhg1 {[%clk 0:16:08]} Rxc1 {[%clk 0:01:29]} 24. Kxc1
{[%clk 0:14:59]} Nd7 {[%clk 0:01:25]} 25. Nxd7 {[%clk 0:14:37]} Qxd7
{[%clk 0:01:52]} 26. Qd1 {[%clk 0:14:20]} Qc6+ {[%clk 0:01:18]} 27. Kb2
{[%clk 0:14:06]} g6 {[%clk 0:01:00]} 28. h5 {[%clk 0:12:33]} Rc8 {[%clk 0:01:24]}
29. Qd2 {[%clk 0:09:38]} Qc4 {[%clk 0:01:21]} 30. hxg6 {[%clk 0:09:26]} Bxg6
{[%clk 0:01:45]} 31. Be5+ {[%clk 0:07:53]} 1/2-1/2

[Event "Portugal Open 2020"]
[Site "Lisboa POR"]
[Date "2020.01.30"]
[Round "7.40"]
[White "FERNANDES, Ricardo Paulos"]
[Black "PIPIRAS, Filipa Fortuna"]
[Result "1-0"]
[BlackElo "1876"]
[WhiteElo "2100"]
[LiveChessVersion "1.4.8"]

1. Nf3 {[%clk 1:30:58]} d5 {[%clk 1:30:15]} 2. g3 {[%clk 1:31:23]} Nf6
{[%clk 1:30:21]} 3. Bg2 {[%clk 1:31:45]} e6 {[%clk 1:30:13]} 4. d3
{[%clk 1:32:03]} Be7 {[%clk 1:30:04]} 5. O-O {[%clk 1:32:08]} c5 {[%clk 1:29:52]}
6. Nbd2 {[%clk 1:31:18]} Nc6 {[%clk 1:29:46]} 7. c3 {[%clk 1:31:43]} O-O
{[%clk 1:29:10]} 8. Qc2 {[%clk 1:31:05]} d4 {[%clk 1:21:50]} 9. a4
{[%clk 1:27:03]} Bd6 {[%clk 1:15:29]} 10. Nc4 {[%clk 1:25:49]} Bc7
{[%clk 1:14:19]} 11. e4 {[%clk 1:06:55]} e5 {[%clk 0:59:29]} 12. Ne1
{[%clk 0:53:39]} Be6 {[%clk 0:52:29]} 13. f4 {[%clk 0:51:02]} exf4
{[%clk 0:45:01]} 14. gxf4 {[%clk 0:50:20]} Ne8 {[%clk 0:40:35]} 15. Nf3
{[%clk 0:36:03]} f6 {[%clk 0:32:30]} 16. Na3 {[%clk 0:31:19]} a6 {[%clk 0:30:08]}
17. c4 {[%clk 0:28:49]} Qd7 {[%clk 0:27:11]} 18. Qe2 {[%clk 0:19:05]} Nd6
{[%clk 0:24:49]} 19. Kh1 {[%clk 0:14:19]} Kh8 {[%clk 0:22:51]} 20. Rg1
{[%clk 0:13:45]} Rfe8 {[%clk 0:17:04]} 21. Nc2 {[%clk 0:11:39]} Rab8
{[%clk 0:14:49]} 22. Qf2 {[%clk 0:11:52]} b5 {[%clk 0:11:54]} 23. b3
{[%clk 0:09:27]} bxc4 {[%clk 0:11:23]} 24. bxc4 {[%clk 0:09:50]} Rb3
{[%clk 0:09:56]} 25. Bf1 {[%clk 0:09:56]} Rbb8 {[%clk 0:07:34]} 26. Nh4
{[%clk 0:08:19]} Rg8 {[%clk 0:04:21]} 27. Ng6+ {[%clk 0:08:26]} hxg6
{[%clk 0:04:34]} 28. Qh4# {[%clk 0:08:55]} 1-0